| 000 | 00555nam a2200145Ia 4500 | ||
|---|---|---|---|
| 008 | 151213s9999 xx 000 0 und d | ||
| 100 | _aএ.এ.এম মনিরুজ্জামান। | ||
| 245 |
_aবাংলাদেশ শ্রম আইন _cএ.এ.এম মনিরুজ্জামান। |
||
| 260 |
_aঢাকা _bহোসনে আরা মুরশিদা আক্তার। |
||
| 300 | _a3657 p. | ||
| 650 | _aLaw | ||
| 650 | _aLaw | ||
| 700 | _aএ.এ.এম মনিরুজ্জামান। | ||
| 999 |
_c2439 _d2439 |
||